<The> economic adjustment programme for Greece second review - autumn 2010

Saved in:
Bibliographic Details
Corporate Author: European Commission
Format: Book
Language:English
Published: Luxembourg Publications Office of the European Union 2010
Series:European economy
Subjects:
Tags: Add Tag
No Tags, Be the first to tag this record!

MARC

LEADER 00000nam$a2200000$$$4500
001 0126647
005 20240318114229.9
020 |a 978-92-79-18778-0 
022 |a 1725-3195 
041 0 |a eng 
044 |a LU 
245 1 0 |a <The> economic adjustment programme for Greece  |b second review - autumn 2010 
264 1 |a Luxembourg  |b Publications Office of the European Union  |c 2010 
300 |a 125 s. 
490 1 |a European economy 
830 0 |a European economy 
610 2 0 |a rozvoj hospodársky 
610 2 0 |a situácia hospodárska 
610 2 0 |a kríza finančná 
610 2 0 |a kríza hospodárska 
610 2 0 |a rast hospodársky 
610 2 0 |a sebestačnosť 
610 2 0 |a stabilizácia hospodárstva 
610 2 0 |a úpadok hospodársky 
610 2 0 |a závislosť ekonomická 
610 2 0 |a trh finančný 
610 2 0 |a politika fiškálna 
610 2 0 |a reformy štruktúrne 
610 2 0 |a reformy dôchodkové 
610 2 0 |a reformy školské 
610 2 0 |a starostlivosť zdravotná 
610 2 0 |a trh práce 
610 2 0 |a podnikanie štátne 
610 2 0 |a investície 
610 2 0 |a vývoz 
610 2 0 |a doprava 
610 2 0 |a energetika 
610 2 0 |a Grécko 
710 2 |a European Commission